00697nam a2200205Ia 450000500170000000800410001704000190005804100120007708200170008910000190010624501380012525000270026326000360029030000150032650400500034163000310039165000170042265100420043985000100048120180820102550.0131103s9999 xx 000 0 und d aLoreto College aEnglish a342.954bAGA aAgarwal, R. C. aConstitutional development and national movement of Indiab history of freedom movement, acts and Indian constitution cR. C. Agarwal a8th ed., rev. & update aNew DelhibS. Chand & Co.c1988 axv,488 p.  aIncludes bibliographical references and index aIndia - Constitutional Law aConstitution aConstitutional and Administrative Law aLCLIB